Streamline english: connections

Saved in:
Bibliographic Details
Main Authors: Hartley, Bernard (Author), Viney, Peter (Author)
Format: Book
Language:English
Published: Oxford Oxford University Press 1979
Subjects:
Tags: Add Tag
No Tags, Be the first to tag this record!

MARC

LEADER 00000nam a2200000 a 4500
001 UCQ7390
003 CL-VaPUC
008 981107e19790000UK |||||||||||||||||eng|d
082 0 4 |a 428.07  |b HAR  |2 21 
100 0 |a Hartley, Bernard  |e author  |9 421259 
700 0 |a Viney, Peter  |e author  |9 421260 
245 1 0 |a Streamline english: connections 
300 |a 80 p 
942 |c BK 
945 |d 19981107 00:00:00  |a crobeson 
260 |a Oxford  |b Oxford University Press  |c 1979 
650 0 |a Inglés  |9 260023 
650 0 |a Enseñanza de idiomas  |9 339820 
650 0 |a Lingüística aplicada   |9 313266 
583 |a last modification  |c 19981107 00:00:00  |k Rodrigo Vera 
999 |c 277066  |d 277064 
952 |0 0  |1 0  |4 0  |6 428_070000000000000_HAR_1979  |7 0  |8 A  |9 314786  |a BIBEDU  |b BIBEDU  |d 2019-11-20  |i 1489321  |o 428.07 HAR 1979  |p 1489321  |r 2019-11-20  |w 2019-11-20  |y BK  |k LIT